00567nam a2200193 a 4500001001300000003000900013005001700022008004100039020002300080082001600103100002200119245006700141260004700208300001000255500003500265505002600300650002500326700002200351nice12345678IN_TiNIC20260116013319.0050524s1999 newa grp 000 0 eng  a8176491 c19500a001.42bDEN aDenscombe, Martyn aGood Research Guide for Small- Scale Social Research Projects. aNew Delhi bViva Books, 3rd Edition c1999 a248p. aincludes index and biblioraphy2 aReferences and Index. aResearch Methodology1 aDenscombe, Martyn